| 000 | 00346nam a2200145Ia 4500 | ||
|---|---|---|---|
| 008 | 210210b1981 xxu||||| |||| 00| 0 eng d | ||
| 082 | _a629.4 PRAS | ||
| 100 | _aPRAKASAN (K P). | ||
| 245 | _aSpace horizons. | ||
| 260 |
_aND _bSterling Publishers Pvt Ltd _c1981 |
||
| 300 | _axi,112 | ||
| 650 | _aSpace | ||
| 690 | _aAstronomy | ||
| 906 | _a035570 | ||
| 999 |
_c85700 _d85700 |
||